<?xml version="1.0" encoding="UTF-8"?>
<record
    xmlns:xsi="http://www.w3.org/2001/XMLSchema-instance"
    xsi:schemaLocation="http://www.loc.gov/MARC21/slim http://www.loc.gov/standards/marcxml/schema/MARC21slim.xsd"
    xmlns="http://www.loc.gov/MARC21/slim">

  <leader>00801nam a2200241 a 4500</leader>
  <datafield tag="999" ind1=" " ind2=" ">
    <subfield code="c">23148</subfield>
    <subfield code="d">23148</subfield>
  </datafield>
  <controlfield tag="001">vtls009613419</controlfield>
  <controlfield tag="005">20220207131948.0</controlfield>
  <controlfield tag="008">090627e2006    xo     gr     000 m slo c</controlfield>
  <datafield tag="020" ind1=" " ind2=" ">
    <subfield code="a">8089092284 (viaz.)</subfield>
    <subfield code="c">130.00 SK</subfield>
  </datafield>
  <datafield tag="035" ind1=" " ind2=" ">
    <subfield code="a">TNKK096339</subfield>
  </datafield>
  <datafield tag="040" ind1=" " ind2=" ">
    <subfield code="a">TTKJF</subfield>
    <subfield code="b">slo</subfield>
    <subfield code="c">TTKJF</subfield>
    <subfield code="e">AACR2</subfield>
  </datafield>
  <datafield tag="041" ind1="0" ind2=" ">
    <subfield code="a">slo</subfield>
  </datafield>
  <datafield tag="044" ind1=" " ind2=" ">
    <subfield code="a">xo</subfield>
    <subfield code="c">SK</subfield>
  </datafield>
  <datafield tag="245" ind1="0" ind2="0">
    <subfield code="a">Nem&#xF4;&#x17E;u by&#x165; v&#x161;etci p&#xE1;ni, musia by&#x165; i &#x13E;udia alebo Brevi&#xE1;r slovensk&#xFD;ch pr&#xED;slov&#xED; a porekadiel</subfield>
    <subfield code="c">[zost. Kveta Da&#x161;kov&#xE1;, Jana Steinerov&#xE1;]</subfield>
  </datafield>
  <datafield tag="250" ind1=" " ind2=" ">
    <subfield code="a">3. vyd.</subfield>
  </datafield>
  <datafield tag="260" ind1=" " ind2=" ">
    <subfield code="a">Bratislava</subfield>
    <subfield code="b">Q 111</subfield>
    <subfield code="c">2006</subfield>
  </datafield>
  <datafield tag="300" ind1=" " ind2=" ">
    <subfield code="a">167 s.</subfield>
    <subfield code="c">15 cm</subfield>
  </datafield>
  <datafield tag="490" ind1="1" ind2=" ">
    <subfield code="a">V&#x161;etci &#x13E;udia (mo&#x17E;no) v&#x161;etko vedia</subfield>
  </datafield>
  <datafield tag="653" ind1="1" ind2=" ">
    <subfield code="a">pr&#xED;slovia slovensk&#xE9;</subfield>
  </datafield>
  <datafield tag="653" ind1="1" ind2=" ">
    <subfield code="a">porekadl&#xE1; slovensk&#xE9;</subfield>
  </datafield>
  <datafield tag="700" ind1="1" ind2=" ">
    <subfield code="a">Da&#x161;kov&#xE1;, Kveta,</subfield>
    <subfield code="d">1935-</subfield>
    <subfield code="4">com</subfield>
    <subfield code="9">2714</subfield>
  </datafield>
  <datafield tag="700" ind1="1" ind2=" ">
    <subfield code="a">Steinerov&#xE1;, Jana</subfield>
    <subfield code="4">com</subfield>
    <subfield code="9">2715</subfield>
  </datafield>
  <datafield tag="952" ind1=" " ind2=" ">
    <subfield code="0">0</subfield>
    <subfield code="1">0</subfield>
    <subfield code="2">udc</subfield>
    <subfield code="4">0</subfield>
    <subfield code="7">0</subfield>
    <subfield code="8">K</subfield>
    <subfield code="a">10000</subfield>
    <subfield code="b">10000</subfield>
    <subfield code="d">2022-02-07</subfield>
    <subfield code="g">1.00</subfield>
    <subfield code="i">21495</subfield>
    <subfield code="l">1</subfield>
    <subfield code="o">I1888</subfield>
    <subfield code="p">I1888</subfield>
    <subfield code="r">2024-06-17</subfield>
    <subfield code="s">2024-06-07</subfield>
    <subfield code="w">2022-02-07</subfield>
    <subfield code="y">OLDO</subfield>
  </datafield>
</record>
